000 00277nam a2200109Ia 4500
005 20251222155104.0
008 251222s9999||||xx |||||||||||||| ||spa||
082 _aETI. 14
100 _aINTERDONATO.
245 0 _aEl Problema del Aborto, y los Casos del Aborto
942 _cLIB
999 _c37797
_d37797